Central Library OPAC University of Rajshahi

Programming PHP / (Record no. 37959)

MARC details
000 -LEADER
fixed length control field 00843ntm a2200277 a 4500
001 - CONTROL NUMBER
control field 37959
003 - CONTROL NUMBER IDENTIFIER
rucl marc code BD-RjUL
005 - DATE AND TIME OF LATEST TRANSACTION
control field 20211209052709.0
008 - FIXED-LENGTH DATA ELEMENTS--GENERAL INFORMATION
fixed length control field 160428r20072006ii a s 001 0 eng d
020 ## - INTERNATIONAL STANDARD BOOK NUMBER
Canceled/invalid ISBN 139788184042719
035 ## - SYSTEM CONTROL NUMBER
System control number (BD-RjUL) 38064
040 ## - CATALOGING SOURCE
Modifying agency BD-RjUL
Language of cataloging eng
041 ## - LANGUAGE CODE
Language code of text/sound track or separate title eng
082 ## - DEWEY DECIMAL CLASSIFICATION NUMBER
Classification number 005.2762
Author mark and year LEP 2007
Edition number 23
100 ## - MAIN ENTRY--PERSONAL NAME
Personal name Lerdorf, Rasmus.
9 (RLIN) 117585
245 10 - TITLE STATEMENT
Title Programming PHP /
Statement of responsibility, etc. Rasmus Lerdorf, Peter MacIntyre, Kevin Tatroe.
250 ## - EDITION STATEMENT
Edition statement 2nd ed.
260 ## - PUBLICATION, DISTRIBUTION, ETC. (IMPRINT)
Place of publication, distribution, etc. New Delhi:
Name of publisher, distributor, etc. Shroff Pub. & Distributors Pvt. Ltd,
Date of publication, distribution, etc. 2006 [reprint 2007]
300 ## - PHYSICAL DESCRIPTION
Pagination xvi, 540. :
Illustrations ill,
Size 25 cm.
504 ## - BIBLIOGRAPHY, ETC. NOTE
Bibliography, etc Includes index.
650 #0 - SUBJECT ADDED ENTRY--TOPICAL TERM
Topical term or geographic name as entry element PHP (Computer program language)
9 (RLIN) 117586
Topical term or geographic name as entry element Web sites
General subdivision Design.
9 (RLIN) 117587
700 ## - ADDED ENTRY--PERSONAL NAME
Personal name MacIntyre, Peter.
Personal name Tatroe, Kevin.
942 ## - ADDED ENTRY ELEMENTS (KOHA)
Source of classification or shelving scheme Dewey Decimal Classification
Koha item type Books
Holdings
Lost status Source of classification or shelving scheme Damaged status Not for loan Collection code Permanent Location Current Location Shelving location Date acquired Source of acquisition Cost, normal purchase price Total Checkouts Full call number Date last seen Copy number Koha item type Date checked out
  Dewey Decimal Classification   Not For Loan Non-fiction Central Library, University of Rajshahi Central Library, University of Rajshahi Reading Room 08/06/2008 Dhaka, Paragon Entrrprises Ltd 425.00   005.2762 LEP 2007 18/08/2015 C-1 Books  
  Dewey Decimal Classification     Non-fiction Central Library, University of Rajshahi Central Library, University of Rajshahi   08/06/2002 Paragon Enterprise, Dhaka 425.00 2 005.2762 LEP 2007 06/03/2017 C-2 Books 25/02/2017